000 00298nam a22001337a 4500
008 170531b xxu||||| |||| 00| 0 eng d
020 _a9789280810936
041 _aeng
080 _a94(100)
100 _a17
101 _aSHH
245 _aSOUTH ASIA IN THE WORLD
_cTHAKUR.R
942 _2udc
_cBK
999 _c15108
_d15108